• 首页
  • 本馆介绍
  • 公告通知
  • 最新文献
  • 馆藏检索
  • 电子资源
  • 读者导购
  • 参考咨询
  • 我的图书馆
  • 登录
  • 详细信息显示
  • 放入我的书架
  • 预约/预借图书
  • 作者相关作品
  • 分类相关作品
  • 丛书相关作品
  • 出版社相关作品

书目信息

  • 表格格式
  • 工作单格式
  • 卡片格式
题名:
中国人民政治协商会议第五届全国委员会第四次会议文件
    
 
作者: ;中国人民政治协商会议全国委员会办公厅 编
分册:  
出版信息: 北京   人民出版社  1982.01
页数: 28页
开本: 20cm
丛书名:
单 册:
中图分类: D622 , D664.0
科图分类:
主题词: 政治--中国
电子资源:
ISBN:
000 00954nam0 2200241 45
001 0198011558
005 20060802082728.07
010    @dCNY0.15
091    @a3001.1818
100    @a19980223d1982 em y0chiy0121 ea
101 0  @achi
102    @aCN@b110000
105    @ay z 100yy
200 10 @a中国人民政治协商会议第五届全国委员会第四次会议文件@AZhong Guo Ren Min Zheng Zhi Xie Shang Hui Yi Di Wu Jie Quan Guo Wei Yuan Hui Di Si Ci Hui Yi Wen Jian@f中国人民政治协商会议全国委员会办公厅编@Fzhong guo ren min zheng zhi xie shang hui yi quan guo wei yuan hui ban gong ting bian
210    @a北京@c人民出版社@d1982.01
215    @a28页@d20cm
601 02 @a中国人民政治协商会议,第五届@x文件
606 0  @a政治@x中国
690    @aD622@v3
690    @aD664.0@v3
711 02 @a中国人民政治协商会议全国委员会办公厅@Azhong guo ren min zheng zhi xie shang hui yi quan guo wei yuan hui ban gong ting@4编
801  0 @aCN@bNLC@c20060802
905    @dD622@e3:5(4)
    
    中国人民政治协商会议第五届全国委员会第四次会议文件/中国人民政治协商会议全国委员会办公厅编.-北京:人民出版社,1982.01
    28页;20cm
    
    
    ISBN :CNY0.15
    
●
相关链接 在E读中查询图书 在五车中查询图书 在当当中查询图书 在豆瓣中查询图书


正题名:中国人民政治协商会议第五届全国委员会第四次会议文件     索取号:D622/3:5(4)         预约/预借

序号 登录号 条形码 馆藏地/架位号 状态 备注
1 0073814   001111362   第一样本阅览室/ [索取号:D622/3:5(4)] 在馆    
2 0073815   001111353   第一借阅区/ [索取号:D622/3:5(4)] 在馆    
3 0073816   202220630   密集书库/ [索取号:D622/3:5(4)] 在馆    
4 0441312   204413125   密集书库/ [索取号:D622/3:5(4)] 在馆    
5 0441595   204415953   密集书库/ [索取号:D622/3:5(4)] 在馆    
唐山师范学院图书馆 欢迎您!
大连网信软件有限公司© 版权所有